00305nam a2200109Ia 4500008004100000020001800041040002900059050002500088100002300113245003000136260002900166230222s9999||||xx |||||||||||||| ||und|| a0-07-234932-8 cChuka University Library aQA 76.755bL381 2000 aLaudon, Kenneth C  0aMicrosoft powerpoint 2000 aMcGrawhillbBostonc2000